000 00501nam a2200181 i 4500
001 C2-0276262
003 PPAK
005 20180729000442.0
008 061122s2003 xx |||| ||||| | eng d
040 _aPPAK
_beng
_cPPAK
_erda
245 0 0 _aPingu and the barrel of fun
264 1 _a[place of publication not identified] :
_bThe Pygos Group ,
_c2003
336 _2rdacontent
_atext
337 _2rdamedia
_aunmediated
338 _2rdacarrier
_avolume
500 _aVCD 1007/06
942 _2ddc
_cVCD
999 _c165242
_d165242